| 000 | 00614nam a22001815i 4500 | ||
|---|---|---|---|
| 001 | 163471 | ||
| 003 | ES-MaACL | ||
| 005 | 20250704063121.0 | ||
| 008 | 940615s1874 fr |||| | fre d | ||
| 100 | 1 |
_aRibot, Théodule, _d1839-1916 _996838 |
|
| 245 | 1 | 3 |
_aLa philosophie de Schopenhauer / _cpar Th. Ribot. |
| 260 |
_aParis : _bGermer Bailtière, _c1874. |
||
| 300 |
_a[6], 180, 24 p. ; _c18 cm. |
||
| 600 | 1 | 4 |
_aSchopenhauer, Arthur- _xCrítica e interpretación. _9104659 |
| 700 | 1 |
_aBaillière, Germer. _9125776 |
|
| 852 |
_aES-MaACL _jF-11489 _z- Enc. pasta española |
||
| 999 |
_c163471 _d163471 |
||